000 00516nam a2200169 i 4500
001 134675
003 ES-MaACL
005 20230906194725.0
007 t|
008 070912s1973 sp ||||1| spa d
100 1 _aWeihs, Thomas J.
_9116328
245 1 0 _aNiños necesitados de cuidados especiales /
_cThomas J. Weihs ; [traducción por Juan José Ferrero].
260 _aMadrid :
_bFax,
_c[1973]
300 _a237 p. ;
_c18 cm.
700 1 _aFerrero, Juan José.
_950552
852 _aES-MaACL
_jC-53113
_bR.85506
999 _c134675
_d134675